BIBLIOTHÈQUE DE LA MAISON DU MEXIQUE

Logo 1 Logo 2

La constitución y la dictadura (notice nᵒ 10205)

détails MARC
000 -Sello discográfico
campo de control de longitud fija 00983nam a2200289 4500
005 - Identificación de versión
campo de control 20251016082524.0
035 ## - Otros números de control del sistema
Número de control del sistema 8781
099 ## - fechas locales
Tipo de ítem Koha LIBRO
100 ## - Datos de procesamiento general
Datos de procesamiento general 20031218d1968 m y1spay5003 ba
200 1# - Título y mención de responsabilidad
Título propio La constitución y la dictadura
Designación general del material texto impreso
Otra información del título estudio sobre la organización política de México
Primer mención de responsabilidad Emilio Rabasa
Declaración de responsabilidad subsiguiente prólogo Andrés Serra Rojas
205 ## - Declaración de edición
Declaración de edición 4a ed
210 ## - Publicación, distribución, etc.
Lugar de publicación, distribución, etc. México
Nombre del editor, distribuidor, etc. Editorial Porrúa
Fecha de publicación, distribución, etc. 1968
215 ## - Descripción física
Designación de material específico y extensión del ítem 246 p
Dimensiones 23 cm
345 ## - Nota de información de adquisición
Fuente de adquisición/dirección de la suscripción [OBSOLETO] Donación
607 ## - Nombre geográfico utilizado como tema
Elemento de entrada México
Subdivisión temática Derecho constitucional
Número Koha 407
607 ## - Nombre geográfico utilizado como tema
Elemento de entrada México
Subdivisión temática Política y gobierno
Subdivisión cronológica Siglo XIX
Número Koha 2527
660 ## - Código de área geográfica
Código MX
700 ## - Nombre personal - Responsabilidad primaria
Elemento de entrada Rabasa Estebanell
Parte del nombre distinta del elemento de entrada Emilio
Fechas 1856-1930
Número Koha 760
702 ## - Nombre personal - Responsabilidad secundaria
Elemento de entrada Serra Rojas
Parte del nombre distinta del elemento de entrada Andrés
Fechas 1904-2001
Número Koha 2461
801 #0 - Fuente de origen
Agencia cm
900 ## -
-- 1/5560
900 ## -
-- 7100317322\181203
942 ## - ELEMENTOS DE ENTRADA SECUNDARIOS (KOHA)
Tipo de ítem Koha Livre
996 ## -
-- MEX
-- 751145101
-- MMAG
-- 001773
-- 321.7 R142C
-- 20191125LIV
Exemplaires
Estatus retirado Estado de daño Estado de pérdida Fecha de adquisición Biblioteca de origen Biblioteca actual Ubicación en estantería Código de barras Precio de reemplazo Signatura topográfica completa No para préstamo Tipo de ítem Koha Nota pública Nota no pública
      05/08/2025 Casa México Paris Casa México Paris   001773 05/08/2025 321.7 R142C   Livre 20191125LIV 751145101